| 000 | 00832nam a2200301Ia 4500 | ||
|---|---|---|---|
| 001 | 33154 | ||
| 003 | IT-RoPAU | ||
| 008 | 130308s9999 xx 000 0 und d | ||
| 040 | _aIT-RoPAU | ||
| 040 | _cIT-RoPAU | ||
| 041 | _aINGLESE | ||
| 100 | _aPudovchin Vsevolod | ||
| 100 | _gCodice Aut. SPICS: 2299 | ||
| 245 | _aAsynchronism as a Principle of Sound Film | ||
| 245 | _bFilm Sound-Theory And Practice | ||
| 250 | _a1a ed. | ||
| 260 | _aN.Y. | ||
| 260 | _bColumbia University Press | ||
| 260 | _c1985 [1° Ed.:1985 - Ed.Ling.Originale:] | ||
| 300 | _a"5 p. (prefazione: no ; testo: 5 [pagine: 86-91])" | ||
| 500 | _aAsincronismo Come Principio del Film Sonoro | ||
| 650 | _aLINGUAGGIO CINEMATOGRAFICO | ||
| 650 | _eCodice materia Spics: 6804 | ||
| 942 | _cBK | ||
| 957 | _71 | ||
| 999 |
_c51623 _d51623 |
||
| 999 | _bSI | ||
| 999 | _g1 | ||